| 000 | 00533cam a2200181ua 4500 | ||
|---|---|---|---|
| 001 | 936 | ||
| 008 | 110423n ii |||gr||||Z||||||eng | ||
| 020 | _a81-8370-038-1 | ||
| 040 | _cMAIN | ||
| 082 | _a323.630954162 | ||
| 245 | 1 |
_aNationality question in Assam. : _bThe EPW 1980-81 debate. / |
|
| 250 |
_a1st. / _bEdited by Abu Naser Saied Ahmed. |
||
| 260 |
_aNew Delhi.: _bAkansha publishing house., _c2006. |
||
| 300 |
_ax, 227.: _c21 cm. |
||
| 653 | _aPolitical science. | ||
| 653 | _aNationality question in Assam. | ||
| 942 | _cBK | ||
| 999 |
_c859 _d859 |
||